Nová dopravní politika.
Zásady štátnej dopravnej politiky, schválené vládou ČSFR v r. 1991. Cieľom zásad je postupne pripraviť podmienky pre vstup ČSFR do ES, vytvoriť v doprave trhové podmienky, zvýšiť podnikateľskú aktivitu, vytvoriť podmienky pre zdravú konkurenciu a zlepšenie stavu dopravnej infraštruktúry, sprehľadniť...
Guardado en:
| Autor principal: | |
|---|---|
| Formato: | Capítulo de libro |
| Lenguaje: | checo |
| Materias: | |
| Etiquetas: |
Sin Etiquetas, Sea el primero en etiquetar este registro!
|
MARC
| LEADER | 00000naa a2200000 4500 | ||
|---|---|---|---|
| 001 | r009096 | ||
| 005 | 20220831090024.3 | ||
| 041 | 0 | |a cze | |
| 044 | |a [CS] | ||
| 245 | 1 | 0 | |a Nová dopravní politika. |c M. Procházka |
| 520 | |a Zásady štátnej dopravnej politiky, schválené vládou ČSFR v r. 1991. Cieľom zásad je postupne pripraviť podmienky pre vstup ČSFR do ES, vytvoriť v doprave trhové podmienky, zvýšiť podnikateľskú aktivitu, vytvoriť podmienky pre zdravú konkurenciu a zlepšenie stavu dopravnej infraštruktúry, sprehľadniť finančné vzťahy medzi dopravnými podnikmi a štátom. | ||
| 610 | 2 | 0 | |a politika dopravná |
| 610 | 2 | 0 | |a ČSFR |
| 610 | 2 | 0 | |a 1991 |
| 610 | 2 | 0 | |a hospodárstvo trhové |
| 610 | 2 | 0 | |a infraštruktúra |
| 610 | 2 | 0 | |a podnik dopravný |
| 610 | 2 | 0 | |a konkurencia |
| 100 | 1 | |a Procházka, M. | |